000
00316nam a2200121Ia 4500
008
150201s2011 xx 000 0 und d
082
_a
629.2
_b
SIN
100
_a
Singh,Kirpal
245
_a
Automobile engineering
260
_b
Standard Publishers Distributers
_a
New Delhi
_c
2011
300
_a
704p.
942
_2
ddc
_c
BK
_0
3
999
_c
5448
_d
5448